Zahraničná zadlženosť na obyvateľa sa od vzniku samostatného Slovenska viac ako strojnásobila
Vývoj zahraničnej zadlženosti Slovenska od r. 1993. Platobná bilancia a zahraničné investície SR. Vývoj zahraničného dlhu od júla 1997. Podniky pod kontrolou štátu alebo FNM. Podniky s účasťou FNM sa považujú za komerčné subjekty - zahraničný dlh týchto podnikov sa z hľadiska zahraničnej zadlženosti...
Uložené v:
| Hlavný autor: | |
|---|---|
| Ďalší autori: | |
| Médium: | Kniha |
| Jazyk: | Slovak |
| Predmet: | |
| Tagy: |
Žiadne tagy, Buďte prvý, kto otaguje tento záznam!
|
MARC
| LEADER | 00000nam a2200000 4500 | ||
|---|---|---|---|
| 001 | r030044 | ||
| 005 | 20230921082047.3 | ||
| 041 | 0 | |a slo | |
| 044 | |a SK | ||
| 245 | 1 | 0 | |a Zahraničná zadlženosť na obyvateľa sa od vzniku samostatného Slovenska viac ako strojnásobila |c Pavol Suďa, Ján Kovalčík |
| 520 | |a Vývoj zahraničnej zadlženosti Slovenska od r. 1993. Platobná bilancia a zahraničné investície SR. Vývoj zahraničného dlhu od júla 1997. Podniky pod kontrolou štátu alebo FNM. Podniky s účasťou FNM sa považujú za komerčné subjekty - zahraničný dlh týchto podnikov sa z hľadiska zahraničnej zadlženosti považuje za dlh komerčného sektora. | ||
| 610 | 2 | 0 | |a zadlženosť zahraničná |
| 610 | 2 | 0 | |a bilancia platobná |
| 610 | 2 | 0 | |a investície v zahraničí |
| 610 | 2 | 0 | |a investície zo zahraničia |
| 610 | 2 | 0 | |a podnik |
| 610 | 2 | 0 | |a Slovensko |
| 610 | 2 | 0 | |a FNM SR Bratislava |
| 610 | 2 | 0 | |a 1993 |
| 100 | 1 | |a Suďa, Pavol | |
| 700 | 1 | |a Kovalčík, Ján | |